Normal view
MARC view
- السينما - الفن السينمائي - ستانلي كوبريك
Entry Topical Term
001 - CONTROL NUMBER
- control field: 7501
003 - CONTROL NUMBER IDENTIFIER
- control field: JO-AjAnu
005 - DATE AND TIME OF LATEST TRANSACTION
- control field: 20230606071519.0
008 - FIXED-LENGTH DATA ELEMENTS
- fixed length control field: 230606|| aca||aabn | a|a d
040 ## - CATALOGING SOURCE
- Original cataloging agency: JO-AjAnu
- Transcribing agency: JO-AjAnu
150 ## - HEADING--TOPICAL TERM
- Topical term or geographic name entry element: السينما - الفن السينمائي - ستانلي كوبريك
670 ## - SOURCE DATA FOUND
- Source citation: Work cat.: (JO-AjAnu)3878: تأليف كيجان،نورمان ؛ ترجمة عبد الحليم بشلاوي, author 7500, الفن السينمائي عن ستانلي كوبريك